LIBRARY ONLINE CATALOGUE

Customs and traditions of the Meru / (Record no. 4952)

MARC details
000 -LEADER
fixed length control field 00580cam a22002052 4500
001 - CONTROL NUMBER
control field 0000000876
005 - DATE AND TIME OF LATEST TRANSACTION
control field 20151217151759.0
008 - FIXED-LENGTH DATA ELEMENTS--GENERAL INFORMATION
fixed length control field 070221s xx 000 0 eng d
020 ## - INTERNATIONAL STANDARD BOOK NUMBER
International Standard Book Number 9966460489 :
040 ## - CATALOGING SOURCE
Original cataloging agency KABU
Transcribing agency KABU
050 #0 - LIBRARY OF CONGRESS CALL NUMBER
Classification number DT433.545
Item number .M47N93
100 1# - MAIN ENTRY--PERSONAL NAME
Personal name Nyaga, Daniel.
-- 0000179728
245 10 - TITLE STATEMENT
Title Customs and traditions of the Meru /
Statement of responsibility, etc. Dainel Nyaga.
260 ## - PUBLICATION, DISTRIBUTION, ETC. (IMPRINT)
Place of publication, distribution, etc. Nairobi :
Name of publisher, distributor, etc. EAEP,
Date of publication, distribution, etc. 1997.
300 ## - PHYSICAL DESCRIPTION
Extent 154 p.
600 10 - SUBJECT ADDED ENTRY--PERSONAL NAME
Personal name Meru (African people)
-- 0000149273
908 ## - PUT COMMAND PARAMETER (RLIN)
Put command parameter 070221
950 ## - LOCAL HOLDINGS (RLIN)
-- 1
Holdings
Withdrawn status Lost status Source of classification or shelving scheme Not for loan Home library Current library Date acquired Total Checkouts Total Renewals Full call number Barcode Date last seen Date last checked out Price effective from Koha item type
    Library of Congress Classification   Kabarak, Main Campus Kabarak, Main Campus 17/12/2015 5 1 DT433.545 .M47N93 1997 c. 2 22647 16/08/2023 01/08/2023 17/12/2015 General Collection
    Library of Congress Classification   Kabarak, Main Campus Kabarak, Main Campus 17/12/2015 1   DT433.545 .M47N93 1997 c.1 001776 12/06/2017 02/06/2017 17/12/2015 Africana Collection